Statystyki dla Kraje najbliżej Bhutanu - Jedna Minuta Sprint

Kliknij tutaj aby rozwiązać quiz!

Ogólne statystyki

  • Ten quiz został rozwiązany 61 razy
  • Średni wynik to 13 z 20

Statystyki odpowiedzi

kmkraj% Poprawnych
0Indie
98%
63Nepal
98%
0Chiny
96%
43Bangladesz
79%
1074Laos
75%
1410Pakistan
75%
993Tajlandia
75%
1693Mongolia
71%
1131Wietnam
71%
297Mjanma
69%
1805Kambodża
60%
2329Rosja
60%
1703Tadżykistan
58%
1714Afganistan
56%
2055Uzbekistan
54%
1779Kazachstan
52%
1764Kirgistan
52%
2369Turkmenistan
52%
2108Sri Lanka
44%
2357Indonezja
33%

Rozkład punktacji

Percentyl według liczby udzielonych odpowiedzi

Procent ludzi z każdym wynikiem

Twoja historia wyników

Nie rozwiązałeś tego quizu